Evaluación rápida de la biodiversidad de los ecosistemas acuáticos de la cuenca alta del río Paragua, Estado de Bolívar, Venezuela / (Registro nro. 16625)
[ vista simple ]
| 000 -CABECERA | |
|---|---|
| Campo de control | 01051nam a2200241 4500 |
| 005 - FECHA Y HORA DE LA ULTIMA TRANSACCION | |
| Campo de control | 20160912151139.0 |
| 008 - ELEMENTOS DE LONGITUD FIJA—INFORMACION GENERAL | |
| Campo de control | 160912t2008 -usad|||r|||| 00| 0 spa d |
| 020 ## - ISBN | |
| ISBN | 9781934151136 |
| 040 ## - FUENTE DE CATALOGACIÓN | |
| Agencia catalogadora original | CO-BoIAVH |
| Agencia transcriptora | CO-BoIAVH |
| 041 0# - IDIOMA | |
| Código de idioma para texto/pista de sonido o título separado | Español |
| 044 ## - PAÍS DE PUBLICACIÓN | |
| País de publicación | Estados Unidos |
| 082 04 - NUMERO DE CLASIFICACION DECIMAL DEWEY | |
| Número de clasificación | 333.9516 |
| Número del ítem | E92r |
| 245 10 - MENCION DE TITULO | |
| Título | Evaluación rápida de la biodiversidad de los ecosistemas acuáticos de la cuenca alta del río Paragua, Estado de Bolívar, Venezuela / |
| Mención de responsabilidad | editado por Josefa Celsa Señaris, Carlos A. Lasso y Ana Liz Flores |
| 260 ## - PUBLICACION, DISTRIBUCION, ETC. (PIE DE IMPRENTA) | |
| Lugar de publicación, distribución, etc. | Virginia : |
| Nombre del editor, distribuidor, etc. | Conservation International, |
| Fecha de publicación, distribución, etc. | 2008. |
| 300 ## - DESCRIPCION FISICA | |
| Extensión | 308 páginas : |
| Otros detalles físicos | ilustraciones y gráficas ; |
| Dimensiones | 28 x 22 cm. |
| 650 26 - ASIENTO SECUNDARIO DE MATERIA - TERMINO TEMATICO | |
| Término temático o nombre geográfico como elemento de entrada | Cursos de agua |
| Subdivisión general | evaluación |
| Subdivisión geográfica | Río Paragua (Venezuela) |
| 9 (RLIN) | 76165 |
| 650 26 - ASIENTO SECUNDARIO DE MATERIA - TERMINO TEMATICO | |
| Término temático o nombre geográfico como elemento de entrada | Biodiversidad |
| Subdivisión general | evaluación |
| Subdivisión geográfica | Río Paragua (Venezuela) |
| 9 (RLIN) | 76166 |
| 650 26 - ASIENTO SECUNDARIO DE MATERIA - TERMINO TEMATICO | |
| Término temático o nombre geográfico como elemento de entrada | Evaluación de poblaciones ícticas |
| Subdivisión geográfica | Río Paragua (Venezuela) |
| 9 (RLIN) | 76167 |
| 700 1# - ASIENTO SECUNDARIO - NOMBRE PERSONAL | |
| Nombre personal | Celsa-Señaris, Josefa |
| Término de relación | editora |
| 9 (RLIN) | 3172 |
| 700 1# - ASIENTO SECUNDARIO - NOMBRE PERSONAL | |
| Nombre personal | Lasso, Carlos A. |
| Término de relación | editor |
| 9 (RLIN) | 242 |
| 700 1# - ASIENTO SECUNDARIO - NOMBRE PERSONAL | |
| Nombre personal | Flores, Ana Liz |
| Término de relación | editora |
| 9 (RLIN) | 12647 |
| 942 ## - ELEMENTOS ADICIONALES (KOHA) | |
| Tipo de ítem | Libro |
| Sistema de clasificación | Dewey Decimal Classification |
| Withdrawn status | Lost status | Sistema de Clasificación | Damaged status | No para préstamo | Colección | Inventariado | Ubicación Permanente | Ubicación actual | Fecha de adquisición | Fuente de Valor | Valor | Total Checkouts | Número topográfico | Inventario / Código de Barras | Date last seen | Ejemplar | Price effective from | Forma de adquisición | Tipo de material |
|---|---|---|---|---|---|---|---|---|---|---|---|---|---|---|---|---|---|---|---|
| Dewey Decimal Classification | General | Inventariado 2017 | Bogotá | Bogotá | 12/09/2016 | Instituto | 39000.00 | LB-333.9516 E92r | 040667 | 12/09/2016 | Ej. 1 | 12/09/2016 | Donación | Libro |